| 000 | 00602nam a2200241Ia 4500 | ||
|---|---|---|---|
| 003 | OSt | ||
| 005 | 20220924132501.0 | ||
| 006 | a|||||r|||| 00| 0 | ||
| 007 | ta | ||
| 008 | 220923b |||||||| |||| 00| 0 san d | ||
| 024 | _a58077 | ||
| 037 | _cTextual | ||
| 040 |
_aARTS _cARTS _bsan |
||
| 041 |
_2san _asan |
||
| 082 | _aQ1:24x, 15G71 | ||
| 100 |
_aSwami Purohit _9204335 |
||
| 245 | 0 | _aTen principal upanishads | |
| 260 | _c1937 | ||
| 650 | _aRELIGION | ||
| 700 | _a Yeats W B | ||
| 942 |
_hQ1:24x, 15G71 _cTEXL _2CC |
||
| 999 |
_c430359 _d430359 |
||